Loading...
| History - European | 1 | 4 | 0 | 0 | 55 | 65 | 121.20 | 1 | 1 | 0.00 | 0.00 |
| History - US | 0 | 4 | 1 | 1 | 35 | 107 | 128.75 | 0 | 1 | 0.00 | 0.00 |
| History - Other | 0 | 3 | 0 | 1 | 30 | 117 | 132.67 | 0 | 0 | 0.00 | 0.00 |
| Beliefs | 0 | 2 | 0 | 1 | 20 | 106 | 123.50 | 0 | 1 | 0.00 | 0.00 |
| Fine Arts - Other | 0 | 2 | 0 | 1 | 20 | 146 | 149.00 | 1 | 1 | 0.00 | 0.00 |
| Fine Arts - Visual | 0 | 2 | 0 | 0 | 20 | 83 | 95.50 | 0 | 0 | 0.00 | 0.00 |
| History - World | 0 | 3 | 2 | 0 | 20 | 76 | 99.00 | 0 | 1 | 0.00 | 0.00 |
| Literature - European | 0 | 2 | 0 | 1 | 20 | 152 | 152.50 | 0 | 0 | 0.00 | 0.00 |
| Social Science | 1 | 0 | 0 | 0 | 15 | 66 | 66.00 | 0 | 1 | 0.00 | 0.00 |
| Science - Biology | 0 | 1 | 0 | 1 | 10 | 145 | 145.00 | 0 | 0 | 0.00 | 0.00 |
| Science - Chemistry | 0 | 1 | 0 | 0 | 10 | 125 | 125.00 | 0 | 0 | 0.00 | 0.00 |
| Other Academic | 0 | 1 | 0 | 0 | 10 | 68 | 68.00 | 0 | 1 | 0.00 | 0.00 |
| Science - Physics | 0 | 0 | 0 | 0 | 0 | 0.00 | 0 | 0 | 0.00 | 0.00 | |
| Literature - World | 0 | 0 | 0 | 0 | 0 | 0.00 | 0 | 0 | 0.00 | 0.00 | |
| Modern World | 0 | 1 | 2 | 0 | 0 | 95 | 95.00 | 0 | 1 | 0.00 | 0.00 |
| Geography | 0 | 0 | 0 | 0 | 0 | 0.00 | 0 | 0 | 0.00 | 0.00 | |
| Philosophy | 0 | 0 | 1 | 0 | -5 | 0.00 | 0 | 0 | 0.00 | 0.00 |